Dictionary of the Occult / (Record no. 59236)
[ view plain ]
| 000 -LEADER | |
|---|---|
| fixed length control field | 00575nam a2200205 a 4500 |
| 001 - CONTROL NUMBER | |
| control field | 59236 |
| 003 - CONTROL NUMBER IDENTIFIER | |
| rucl marc code | BD-RjUL |
| 005 - DATE AND TIME OF LATEST TRANSACTION | |
| control field | 20211209080716.0 |
| 008 - FIXED-LENGTH DATA ELEMENTS--GENERAL INFORMATION | |
| fixed length control field | 161222s1956 nyu d 000 0 eng d |
| 035 ## - SYSTEM CONTROL NUMBER | |
| System control number | (BD-RjUL)59360 |
| 040 ## - CATALOGING SOURCE | |
| Original cataloging agency | BKL |
| Transcribing agency | BD-RjUL |
| Modifying agency | BD-RjUL |
| Language of cataloging | eng |
| 041 ## - LANGUAGE CODE | |
| Language code of text/sound track or separate title | eng |
| 082 ## - DEWEY DECIMAL CLASSIFICATION NUMBER | |
| Classification number | 130.3 |
| Author mark and year | WED 1956 |
| Edition number | 23 |
| 100 1# - MAIN ENTRY--PERSONAL NAME | |
| Personal name | Wedeck Harry E. |
| 9 (RLIN) | 176178 |
| 245 10 - TITLE STATEMENT | |
| Title | Dictionary of the Occult / |
| Statement of responsibility, etc. | Harry E. Wedeck |
| 260 ## - PUBLICATION, DISTRIBUTION, ETC. (IMPRINT) | |
| Place of publication, distribution, etc. | New York : |
| Name of publisher, distributor, etc. | Philosophical Library, |
| Date of publication, distribution, etc. | c 1956 |
| 300 ## - PHYSICAL DESCRIPTION | |
| Pagination | [2], 94 p. ; |
| Size | 19 cm. |
| 650 #0 - SUBJECT ADDED ENTRY--TOPICAL TERM | |
| Topical term or geographic name as entry element | Occultism |
| Form subdivision | Dictionaries. |
| 9 (RLIN) | 176179 |
| 942 ## - ADDED ENTRY ELEMENTS (KOHA) | |
| Source of classification or shelving scheme | Dewey Decimal Classification |
| Koha item type | Reference |
| Lost status | Source of classification or shelving scheme | Damaged status | Not for loan | Collection code | Permanent Location | Current Location | Shelving location | Date acquired | Source of acquisition | Total Checkouts | Full call number | Date last seen | Copy number | Koha item type |
|---|---|---|---|---|---|---|---|---|---|---|---|---|---|---|
| Dewey Decimal Classification | Not For Loan | Reference | Central Library, University of Rajshahi | Central Library, University of Rajshahi | 09/10/1973 | Dacca, Paramount Book Corporation. | R 130.3 WED 1956 | 22/12/2016 | C-1 | Reference |